00445 2200181 4500001002100000008004100021035002000062245002500082100001500107260003700122300002000159020002200179084001400201082000800215650001000223990001500233990001500248INLIS000000000003221 ind  a0010-1225000042 aBibi GillcTere Liye aLiye, Tere aDepok :bPT Sabak Grip Nusantara a358c13,5x20 cm a978-623-9726-24-9 a813 LIY b a813 aFiksi a19678/B/26 a19679/B/26